| 000 | 00891cam a22002177a 4500 | ||
|---|---|---|---|
| 020 | _a0470035803 (pbk.) | ||
| 020 | _a9780470035801 (pbk.) | ||
| 082 | 0 | 4 |
_a620.151825 _cD _bFIS |
| 100 | 1 |
_aFish, J. _945282 |
|
| 245 | 1 | 2 |
_aA first course in finite elements / _cJacob Fish, Ted Belytschko. |
| 260 |
_aChichester, England ; _aHoboken, NJ : _bJohn Wiley & Sons Ltd., _cc2007. |
||
| 300 |
_axiv, 319 p., [8] p. of plates : _bill. (some col.) ; _c25 cm. + _e1 CD-ROM (4 3/4 in.) |
||
| 526 |
_a0 _b0 _c0 _d620_000000000000000_151825FIS |
||
| 650 | 0 |
_aFinite element method. _91938 |
|
| 650 | 0 |
_aMCE _9379 |
|
| 700 | 1 |
_aBelytschko, Ted, _945283 |
|
| 856 | 4 | 1 | _uhttp://www.loc.gov/catdir/enhancements/fy0741/2007298648-t.html |
| 856 | 4 | 2 | _uhttp://www.loc.gov/catdir/enhancements/fy0741/2007298648-b.html |
| 856 | 4 | 2 | _uhttp://www.loc.gov/catdir/enhancements/fy0741/2007298648-d.html |
| 942 |
_2ddc _cBK |
||
| 999 |
_c548842 _d548842 |
||